00970 a2200181 4500003000500000005001700005040000900022082001200031100002700043245006500070260002700135300001000162505043100172650002200603942002100625999001900646952012300665Nust20230504104339.0 cNust a962,WHE aWheelock,Keith9112092 aNasser`s New Egypt: bA critical Analysis / cKeith Wheelock aLondonbAtlantic Books a326:p aPrelude to Takeover (Page-1), Coup and Consolidation (Page-12), The Entrenchment of the Military Regime (Page-37), Agriculture and Agrarian Reform (Page-74), Education and Social Development (Page-109), Economics and Industriazation (Page-137), The High Dam (Page-173), Prelude to Nasserism (Page-206), The West At Bay (Page-228), The Tactics of Positive Neutrality (Page-249), Nasser’s New Egypt in Perspective (Page-277). aNew Egypt9112093 2ddccBKk962,WHE c187600d187600 00102ddc4070aMCSbMCScGENd2016-12-12o962,WHEpMCS29483r2016-12-08w2016-12-12yBKzAlmirah No. 75, Shelf No. 8